000
00340nam a2200145Ia 4500
100
_a
Hackett/W.J/ Robbins/G.P
650
_a
General
942
_c
BK
654
_a
Safety Science For Technicians
245
_a
Safety Science For Technicians
260
_b
Longman
_a
London
_c
1980
082
_a
363.1
300
_a
149
546
_a
ENGLISH
999
_c
25806
_d
25806